000 00444nam a2200181Ia 4500
001 2569
005 20260306144816.0
008 260306t2013||||xx |||||||||||||| ||spa||
041 _aESP
082 _a616.89143
_bJ79
100 _aJoyce, Phil
_eAUT
245 0 _aHabilidades en counselling y psicoterapia gestálticos
260 _c2013
300 _a421 páginas :
_c21 cm.
650 _aGEN
654 _aCPS
942 _cLIB
_dJUS
_fJUS
_2ddc
_n
999 _c2569
_d2569